00451 2200181 4500001002100000008004100021035002000062245003100082100001500113260003700128300002000165020002200185084001400207082000800221650001000229990001500239990001500254INLIS000000000003213 ind  a0010-1225000034 aSi Anak PelangicTere Liye aLiye, Tere aDepok :bPT Sabak Grip Nusantara a367c13,5x20 cm a978-623-9607-43-2 a813 LIY s a813 aFiksi a19662/B/26 a19663/B/26